000 00542nam a2200181Ia 4500
999 _c14649
_d14649
003 OSt
005 20201116131927.0
008 190216s9999||||xx |||||||||||||| ||und||
020 _a9781848872790
040 _coclc
082 _a973.932092
_bMAR/B
100 _aMaraniss, David
_96620
245 4 _aBarack Obama The Making Of The Man /
_cDavid Maraniss
260 _bAtlantic Publishers,
_c2012.
_aLondon:
300 _a643p
650 _aEnglish-Biography
942 _cBK
_2ddc
_h973.932092
_iMAR/B
_k973.932092
_mMAR/B